000 00770cam a2200289 i 4500
001 0000890
003 DO-SdBNP
005 20161206145326.0
007 0000890
008 100514s 1992 sp a | |||| 000 f spa
015 _a
017 _a
_b
020 _a8430573518
035 _a
040 _aBPMSU
_bspa
_cBPMSU
_e
080 _a
100 1 _aBeaumont, Émile
245 1 4 _aLos perros
_bpara que los conozcan los niños de 5 a 8 años /
_h
_cÉmile Beaumont ; ilustraciones Lindsey Selley
260 _aMadrid :
_bSusaeta,
_c1992.
300 _a21 p.:
_bil.
_c30 cm.
490 1 _aZoo mundo
521 _aA partir de 5 a 8 años.
700 1 2 _aSelley, Lindsey
_eil.
830 0 _aZoo mundo
942 _2ddc
_cBK
956 _aYLOCKWARD
_810
_cBPMSU
999 _c12331
_d12331